AH International Schools' Libraries

Pandora's Box and Perseus and the Gorgon's Head (Record no. 49049)

MARC details
000 -LEADER
fixed length control field 00383nam a22001217a 4500
008 - FIXED-LENGTH DATA ELEMENTS--GENERAL INFORMATION
fixed length control field 250729b |||||||| |||| 00| 0 eng d
020 ## - INTERNATIONAL STANDARD BOOK NUMBER
International Standard Book Number 9781406371581
100 ## - MAIN ENTRY--PERSONAL NAME
Personal name Marcia Williams (Author)
9 (RLIN) 86417
245 ## - TITLE STATEMENT
Title Pandora's Box and Perseus and the Gorgon's Head
260 ## - PUBLICATION, DISTRIBUTION, ETC. (IMPRINT)
Place of publication, distribution, etc London
Name of publisher, distributor, etc PENGUIN RANDOM HOUSE
Date of publication, distribution, etc 2017
300 ## - PHYSICAL DESCRIPTION
Extent 64 pages
Other physical details col. ill.
Dimensions 5.04 x 0.83 x 7.8 inches
942 ## - ADDED ENTRY ELEMENTS (KOHA)
Source of classification or shelving scheme
Holdings
Withdrawn status Lost status Source of classification or shelving scheme Damaged status Not for loan Collection code Home library Current library Date acquired Total Checkouts Full call number Barcode Date last seen Price effective from Koha item type
          Siem Reap Asian Hope Siem Reap Asian Hope Siem Reap 07/29/2025   FIC MAR 208978 07/29/2025 07/29/2025 Book

For any Logos Library related questions please contact Miss Art at swongnarasuk@asianhope.org.

For any Asian Hope Library related questions please contact Miss Raza at graza@asianhope.org.

Click here to explore our ebooks!

Powered by Koha